000 01363nam a2200277 u 4500
001 000027788
003 DO-SdBNP
005 20250918104915.0
008 090709s1987 dr a 001 0 spa d
040 _aDO-SdBNP
_bspa
_cBNPHU
082 _a304.6097293
_bR426e, 1986
110 _aRepública Dominicana
_bSecretaría de Estado de Salud Pública y Asistencia Social
_bConsejo Nacional de Población y Familia
_954778
245 1 0 _aRepública Dominicana :
_bencuesta demográfica y de salud. DHS-1986.
260 _aSanto Domingo :
_a[Columbia, Maryland, U.S.A.] :
_bCONAPOFA,
_bInstitute for Resource Development,
_c1987.
300 _ax, 100, 39 p. :
_bil. ;
_c28 cm.
504 _aIncluye referencias bibliográficas
590 _aInventariado, 2018/BT
650 0 _aFertilidad humana
_zRepública Dominicana
_xEstadísticas
_y1986
_913543
650 4 _aControl natal
_zRepública Dominicana
_xEstadísticas
_y1986
_954860
650 4 _aMortalidad
_zRepública Dominicana
_zEstadísticas
_y1986
_954861
651 4 _aRepública Dominicana
_xPoblación
_xEstadísticas
_y1986
_954862
710 2 _aConsejo Nacional de Población y Familia (República Dominicana)
_96985
710 2 _aInstitute for Resource Development / Westinghouse (Columbia, Md.) Surveys.
_bDemographic and Health Surveys.
_954863
910 _aValidado. Control de calidad. MFF
942 _2ddc
_cLBS1
999 _c27280
_d27280